Countries with the Largest Greek Populations - Statistics

General Stats
  • This quiz has been taken 330 times
    278 since last reset
  • The average score is 7 of 9
Answer Stats
Estimate Answer % Correct
1,308,374 U.S.A.
96%
9,903,268 Greece
94%
78,872 United Kingdom
89%
339,931 Germany
85%
252,960 Canada
79%
720,000 Cyprus
79%
378,265 Australia
77%
85,640 Russia
71%
91,500 Ukraine
40%
No matching quizzes found
Score Distribution
Percent of People with Each Score
Percentile by Number Answered
Your Score History
You have not taken this quiz since the last reset